| Tag |
First Indicator |
Second Indicator |
Subfields |
| LEADER |
00000cam a2200000 a 4500 |
| 001 |
in00001444607 |
| 005 |
20151020111258.0 |
| 008 |
970820s1998 caua b 001 0 eng d |
| 010 |
|
|
|a 97033800
|
| 020 |
|
|
|a 076191384X (hbk. : alk. paper)
|
| 020 |
|
|
|a 0761913858 (pbk. : alk. paper)
|
| 035 |
|
|
|a (OCoLC)37527588
|
| 035 |
|
|
|9 AJB6057AM
|
| 040 |
|
|
|a DLC
|c DLC
|d TXA
|d UtOrBLW
|
| 049 |
|
|
|a TXAM
|
| 050 |
0 |
0 |
|a GN345
|b .F47 1998
|
| 082 |
0 |
0 |
|a 305.8/001
|2 21
|
| 100 |
1 |
|
|a Fetterman, David M.
|
| 245 |
1 |
0 |
|a Ethnography :
|b step by step /
|c by David M. Fetterman.
|
| 250 |
|
|
|a 2nd ed.
|
| 264 |
|
1 |
|a Thousand Oaks, Calif. :
|b Sage,
|c [1998]
|
| 264 |
|
4 |
|c ©1998
|
| 300 |
|
|
|a x, 165 pages :
|b illustrations ;
|c 23 cm.
|
| 336 |
|
|
|a text
|b txt
|2 rdacontent
|
| 337 |
|
|
|a unmediated
|b n
|2 rdamedia
|
| 338 |
|
|
|a volume
|b nc
|2 rdacarrier
|
| 490 |
1 |
|
|a Applied social research methods series ;
|v v. 17
|
| 504 |
|
|
|a Includes bibliographical references (pages 147-154) and indexes.
|
| 650 |
|
0 |
|a Ethnology
|x Methodlogy.
|
| 830 |
|
0 |
|a Applied social research methods series ;
|v v. 17.
|
| 948 |
|
|
|a c:jh
|
| 999 |
|
|
|a MARS
|
| 999 |
f |
f |
|s 4e92871c-0f9b-396e-804e-84058edc548e
|i 706d3760-d559-3c6a-b9e1-85712dcbce31
|t 0
|
| 952 |
f |
f |
|p normal
|a Texas A&M University
|b College Station
|c Sterling C. Evans Library
|d Evans: Library Stacks
|t 0
|e GN345 .F47 1998
|h Library of Congress classification
|i unmediated -- volume
|m A14823706745
|
| 952 |
f |
f |
|p normal
|a Texas A&M University
|b College Station
|c Sterling C. Evans Library
|d Evans: Library Stacks
|t 0
|e GN345 .F47 1998
|h Library of Congress classification
|i unmediated -- volume
|m A14825805244
|
| 998 |
f |
f |
|a GN345 .F47 1998
|t 0
|l Evans: Library Stacks
|
| 998 |
f |
f |
|a GN345 .F47 1998
|t 0
|l Evans: Library Stacks
|